000 00486nam a22001817a 4500
999 _c177
_d177
003 OSt
005 20180809115737.0
008 180809b ||||| |||| 00| 0 eng d
040 _cDLC
082 _a248.4
_bP324G
100 _aPaul, REv. Dr. K. V. Paul
245 _aGod's Blue Print For The Family
_cRev. Dr. K. V. Paul Pillai
260 _aHaryana
_bFazl Publishers
_cc 1976
300 _a167p.:
650 _achristian life
700 _aRve. Dr. K. V. Paul Pillai
942 _2ddc
_cBK